000 00392nam a2200169Ia 4500
008 230524s9999 xx 000 0 und d
020 _a8122407854
082 _a4
_bRAV
100 _aD.Ravichandran
_915023
245 0 _aProgramming in C
250 _a1ST
260 _aNEW DELHI
_bNew Age
_c1999
300 _aXI;400
500 _aQuantity Number: 1
650 _aComp-Sc
942 _cBK
999 _c22418
_d22418